|
|
|
|
| LEADER |
01648nam a2200361 a 4500 |
| 001 |
15216880 |
| 003 |
BD-DhAAL |
| 005 |
20170621124524.0 |
| 008 |
080312s2008 inua 001 0 eng |
| 999 |
|
|
|c 38171
|d 38171
|
| 010 |
|
|
|a 2008011637
|
| 020 |
|
|
|a 9781587132056 (hardcover w/cd)
|
| 020 |
|
|
|a 1587132052 (hardcover w/cd)
|
| 040 |
|
|
|a DLC
|c DLC
|d BAKER
|d C#P
|d YDXCP
|d BWX
|d DLC
|
| 050 |
0 |
0 |
|a QA76.3
|b .V334 2008
|
| 082 |
0 |
0 |
|a 004.6
|2 22
|
| 100 |
1 |
|
|a Vachon, Bob.
|9 21695
|
| 245 |
1 |
0 |
|a Accessing the WAN :
|b CCNA exploration companion guide /
|c Bob Vachon, Rick Graziani.
|
| 260 |
|
|
|a Indianapolis, Ind. :
|b Cisco Press,
|c c2008.
|
| 300 |
|
|
|a xxiv, 668 p. :
|b ill. (some col.) ;
|c 25 cm. +
|e 1 CD-ROM (4 3/4 in.).
|
| 490 |
1 |
|
|a Cisco Networking Academy series
|
| 500 |
|
|
|a Includes index.
|
| 650 |
|
0 |
|a Electronic data processing personnel
|x Certification.
|9 21696
|
| 650 |
|
0 |
|a Wide area networks (Computer networks)
|9 21697
|
| 650 |
|
0 |
|a Computer networks
|x Examinations
|v Study guides.
|9 21698
|
| 700 |
1 |
|
|a Graziani, Rick.
|9 21699
|
| 710 |
2 |
|
|a Cisco Systems, Inc.
|9 21700
|
| 830 |
|
0 |
|a Cisco Networking Academy Program series.
|9 21701
|
| 856 |
4 |
1 |
|3 Table of contents only
|u http://www.loc.gov/catdir/toc/ecip0813/2008011637.html
|
| 906 |
|
|
|a 7
|b cbc
|c orignew
|d 1
|e ecip
|f 20
|g y-gencatlg
|
| 942 |
|
|
|2 ddc
|c BK
|
| 955 |
|
|
|a jf09 2008-03-12
|i jf09 2008-03-13 to sl
|a aa24 2008-03-14
|a ps02 2008-05-28 bk rec'd, to CIP ver.
|a ld11 2008-07-14 copy 2 added
|
| 952 |
|
|
|0 0
|1 4
|2 ddc
|4 0
|6 004_600000000000000_VAC
|7 0
|9 60847
|a BRACUL
|b BRACUL
|c GEN
|d 2017-06-21
|e Karim international
|g 560.00
|l 0
|o 004.6 VAC
|p 3010040561
|r 2017-06-21
|t 1
|w 2017-06-21
|y BK
|x Koha Inventory 2020
|